000 01106nam a2200265 i 4500
001 bg
100 1 _aKOSECKI, Mieczysław
245 1 0 _aStatyka ustrojów palowych :
_bzasady obliczania konstrukcji palowych metodą uogólnioną i fundamentów płytowo-palowych metodą podłoża dwuparametrowego /
_cMieczysław Kosecki.
260 _aSzczecin :
_b"ZAPOL",
_c2006.
300 _a166 s. :
_brys. (w tym kolor.) ;
_c24 cm +
_e1 dysk optyczny (CD ROM).
504 _aBibliogr., wykaz norm.
521 _aDla projektantów konstrukcji inżynierii lądowej i wodnej. Może służyć również studentom wydziałów budownictwa lądowego i wodnego.
650 9 _aFundamenty
_xmechanika
650 9 _aKonstrukcje budowlane
_xstatyka
020 _a8360140480
020 _a9788360140482
040 _cBPK
041 0 _apol
080 _a624.15:624.04
920 _a83-60140-48-0
920 _a978-83-60140-48-2
942 _cKS
008 s pl f |000 0 pol
999 _c52218
_d52218
856 _uhttp://koha.tu.koszalin.pl/cgi-bin/koha/opac-detail.pl?biblionumber=52218
_yKatalog online BPK